000 00845cab a2200265 4500
001 WB3341-40
008 090401t1997 xxu||||| |||| 00| 0 eng d
035 _a(Sirsi) u81567
041 _aeng
245 _aOffice tenants set the pace
260 _c1997
350 _a0
490 _aEstates Gazette
_v(9742) 18 October 1997, 55(1)
520 _aThe average length of office leases has dropped from twenty years in 1989 to eight years in 1996, according to research carried out by IPD.
650 _aDRIVERS JONAS
650 _aIPD DATABANK
650 _aLEASE LENGTH
650 _aLEASES
650 _aLENGTH OF LEASES
650 _aMARKET CONDITIONS
650 _aPROPERTY-COMMERCIAL PROPERTY-OFFICE PROPERTY-OFFICE PROPERTY MARKET
690 _aLANDLORD AND TENANT-BUSINESS TENANCIES
942 _n0
948 _c21/10/1997
999 _c51399
_d51399